<?xml version="1.0" encoding="UTF-8"?>
<record
    xmlns:xsi="http://www.w3.org/2001/XMLSchema-instance"
    xsi:schemaLocation="http://www.loc.gov/MARC21/slim http://www.loc.gov/standards/marcxml/schema/MARC21slim.xsd"
    xmlns="http://www.loc.gov/MARC21/slim">

  <leader>00624nam a2200193Ia 4500</leader>
  <controlfield tag="001">65168</controlfield>
  <controlfield tag="003">OSt</controlfield>
  <controlfield tag="005">20150702122355.0</controlfield>
  <controlfield tag="008">150303s9999    xx            000 0 und d</controlfield>
  <datafield tag="020" ind1=" " ind2=" ">
    <subfield code="a">NA</subfield>
  </datafield>
  <datafield tag="040" ind1=" " ind2=" ">
    <subfield code="c">PK-LaUMT</subfield>
  </datafield>
  <datafield tag="082" ind1=" " ind2=" ">
    <subfield code="a"> 891.4393</subfield>
    <subfield code="b">TAR-O</subfield>
  </datafield>
  <datafield tag="100" ind1=" " ind2=" ">
    <subfield code="a">Tariq Ismail Sagar(&#x637;&#x627;&#x631;&#x642; &#x627;&#x633;&#x645;&#x627;&#x639;&#x6CC;&#x644; &#x633;&#x627;&#x6AF;&#x631;)</subfield>
  </datafield>
  <datafield tag="245" ind1=" " ind2=" ">
    <subfield code="a">Operation blue star (Urdu)(&#x622;&#x67E;&#x631;&#x6CC;&#x634;&#x646; &#x628;&#x644;&#x6CC;&#x648; &#x633;&#x679;&#x627;&#x631;)</subfield>
    <subfield code="c">Tariq Ismail Sagar(&#x637;&#x627;&#x631;&#x642; &#x627;&#x633;&#x645;&#x627;&#x639;&#x6CC;&#x644; &#x633;&#x627;&#x6AF;&#x631;)</subfield>
  </datafield>
  <datafield tag="260" ind1=" " ind2=" ">
    <subfield code="a">Lahore,Pakistan:(&#x644;&#x627;&#x6C1;&#x648;&#x631;&#x60C; &#x67E;&#x627;&#x6A9;&#x633;&#x62A;&#x627;&#x646; )</subfield>
    <subfield code="b">Maqbool Academy,(&#x645;&#x642;&#x628;&#x648;&#x644; &#x627;&#x6A9;&#x6CC;&#x688;&#x645;&#x6CC;)</subfield>
    <subfield code="c">1993</subfield>
  </datafield>
  <datafield tag="300" ind1=" " ind2=" ">
    <subfield code="a">353 p.</subfield>
  </datafield>
  <datafield tag="546" ind1=" " ind2=" ">
    <subfield code="a">UR</subfield>
  </datafield>
  <datafield tag="942" ind1=" " ind2=" ">
    <subfield code="c">BK</subfield>
    <subfield code="2">ddc</subfield>
  </datafield>
  <datafield tag="999" ind1=" " ind2=" ">
    <subfield code="c">67212</subfield>
    <subfield code="d">67212</subfield>
  </datafield>
  <datafield tag="952" ind1=" " ind2=" ">
    <subfield code="0">0</subfield>
    <subfield code="1">0</subfield>
    <subfield code="4">0</subfield>
    <subfield code="7">0</subfield>
    <subfield code="a">01</subfield>
    <subfield code="b">01</subfield>
    <subfield code="d">2015-03-03</subfield>
    <subfield code="l">10</subfield>
    <subfield code="o"> 891.4393 TAR-O</subfield>
    <subfield code="p">88986</subfield>
    <subfield code="r">2021-09-27 00:00:00</subfield>
    <subfield code="s">2021-09-15</subfield>
    <subfield code="w">2015-03-03</subfield>
    <subfield code="y">BK</subfield>
  </datafield>
</record>
